00887 a2200193 4500003000500000005001700005010001600022020002200038020002200060040000900082082001600091100002400107245007100131260006100202300002700263505034700290650003400637700002200671Nust20221231152443.0 a 90025550 a0201108771 (v. 1) a0201569434 (v. 2) cNust00a621.399,HAR1 aHaralick, Robert M.10aComputer and robot vision /cRobert M. Haralick, Linda G. Shapiro. aReading, Mass. :bAddison-Wesley Pub. Co.,cc1992-c1993. a2 v. :bill. ;c25 cm. aIllumination (Page-1), Perspective Projective Geometry (Page-43), Analytic Photogrametry (Page-125), Motion And Surface Structure From Time Varying Image Sequences (Page-187), Image Matching (Page-289), The Consistent-Labeling Problem (Page-379), Objects Models And Matching (Page-427), Knowledge Based Vision (Page-493), Accuracy (Page-535). 0aTelecommunication Engineering1 aShapiro, Linda G.